| 000 | 00347nam a22001217a 4500 | ||
|---|---|---|---|
| 008 | 230718b xxu||||| |||| 00| 0 eng d | ||
| 020 | _a9789966825438 | ||
| 082 |
_a261 _bMUL |
||
| 245 |
_aPolygamy _bIs The Bible Way Thus God's Way _cReverend Vincent Mboya Mulwa |
||
| 260 |
_aKenya _bMedgraphic Enterprises _c2018 |
||
| 300 | _a116 p | ||
| 942 |
_2ddc _cBK |
||
| 999 |
_c3989 _d3989 |
||